Food packaging principles and practice

Gespeichert in:
Bibliographische Detailangaben
1. Verfasser: Robertson, Gordon L.
Format: Buch
Sprache:Englisch
Veröffentlicht: Boca Raton CRC Press 2013
Ausgabe:3rd ed.
Schlagworte:
Tags: Tag hinzufügen
Keine Tags, Fügen Sie das erste Tag hinzu!

MARC

LEADER 00000nam a2200000 4500
001 0185837
005 20240306140301.5
020 |a 978-1-4398-6241-4 
041 0 |a eng 
044 |a US 
245 1 0 |a Food packaging  |b principles and practice  |c Gordon L. Robertson 
250 |a 3rd ed. 
264 1 |a Boca Raton  |b CRC Press  |c 2013 
300 |a xxix, 703 s. 
610 2 0 |a balenie 
610 2 0 |a potraviny 
610 2 0 |a materiál 
610 2 0 |a materiály nové 
610 2 0 |a sklo 
610 2 0 |a papier 
610 2 0 |a plasty 
610 2 0 |a kovy 
610 2 0 |a označovanie tovarov 
100 1 |a Robertson, Gordon L.